Catalog

Record Details

Catalog Search



Flight from Stonewycke #2 [Large Print] / Michael ... Read More

Available copies

  • 1 of 1 copy available at LARL/NWRL Consortium.

Current holds

0 current holds with 1 total copy.

Show Only Available Copies
Location Call Number / Copy Notes Barcode Shelving Location Status Due Date
Grygla LINK Site lp PHI (Text) 35500003462023 Main Available -

Record details

  • ISBN: 0786247215 (lg. print : hc. : alk. paper)
  • Physical Description: 544 p. ; 22 cm.
  • Publisher: Waterville, Me. : Thorndike Press, 2003.
Subject: Scotland > History > 19th century > Fiction.
Aristocracy (Social class) > Fiction.
Genre: Large type books.
Historical fiction.
Christian fiction.
Domestic fiction.
LDR 01091cam a22003018a 4500
00153641
003LARL_NWRL_CONSORTIUM
00520020808185851.0
008020730r20031985meu d 000 1 eng
020 . ‡a0786247215 (lg. print : hc. : alk. paper)
03500. ‡iLCMARC/BBD-3786/KRLTECH2
043 . ‡ae-uk-st
08200. ‡a813/.54 ‡221
1001 . ‡aPhillips, Michael R., ‡d1946- ‡0(LARL_NWRL_CONSORTIUM)79730
24510. ‡aFlight from Stonewycke ‡n#2 ‡h[Large Print] / ‡cMichael Phillips, Judith Pella.
260 . ‡aWaterville, Me. : ‡bThorndike Press, ‡c2003.
300 . ‡a544 p. ; ‡c22 cm.
4900 . ‡aStonewycke trilogy ; ‡v2
651 0. ‡aScotland ‡xHistory ‡y19th century ‡vFiction.
650 0. ‡aAristocracy (Social class) ‡vFiction. ‡0(LARL_NWRL_CONSORTIUM)163245
655 0. ‡aLarge type books.
655 7. ‡aHistorical fiction. ‡2gsafd
655 0. ‡aChristian fiction.
655 0. ‡aDomestic fiction.
7001 . ‡aPella, Judith. ‡0(LARL_NWRL_CONSORTIUM)80380
901 . ‡a53641 ‡bISxN ‡c53641 ‡tbiblio

Additional Resources